Araqa papas / (Record no. 23066)

000 -CABECERA
fixed length control field 01540nam a22003497i 4500
003 - IDENTIFICADOR DEL NÚMERO DE CONTROL
control field AR-CdUCM
008 - DATOS DE LONGITUD FIJA--INFORMACIÓN GENERAL
fixed length control field 240920b20222022 peo|||| |||| 00| 0 spa d
020 ## - NÚMERO INTERNACIONAL ESTÁNDAR DEL LIBRO
ISBN 978-612-49010-0-3
040 ## - FUENTE DE LA CATALOGACIÓN
Agencia/entidad que catalogó originalmente la obra MUNICIPALIDAD PROVINCIAL DEL CUSCO
Entidad que transcribió la catalogación BIBLIOTECA MUNICIPAL DEL CUSCO
082 ## - NÚMERO DE LA CLASIFICACIÓN DECIMAL DEWEY
No. de la edición Primera edición
No. de Clasificación 635.21 / C97
Notacion interna C97
100 ## - ENTRADA PRINCIPAL--NOMBRE DE PERSONA
Nombre Personal Curis Huayhua, Alipio
245 ## - MENCIÓN DE TÍTULO
Título Araqa papas /
260 ## - PUBLICACIÓN, DISTRIBUCIÓN, ETC.
Lugar de publicación, distribución, etc. Cusco :
Nombre de la editorial, distribuidor, etc. Editorial Aguilar E.I.R.L.
Fecha de publicación, distribución, etc. 2022
300 ## - DESCRIPCIÓN FÍSICA
Nº de Páginas Extensión 90 páginas. :
Dimensiones 24.5 cm.
500 ## - NOTA GENERAL
Bibliografía Bibliografía: 78-80 páginas.
505 ## - NOTA DE CONTENIDO CON FORMATO
Nota de contenido formateada Prólogo -- Resumen -- Araqa papa -- Qollariynin -- ¿Qué es una papa Araqa? -- ¿Cómo es una papa Araqa? -- El ciclo de vida de las Araqa papas -- Las variedades de las Araqa papas -- La experiencia del CADEP y los campesinos -- ¿Cómo preparar las chacras para las Araqas -- ¿Como preparar las chacras para la Araqas -- ¿Cómo se siembras las Araqas? -- ¿Cómo se cosechan las Araqas?
650 ## - PUNTO DE ACCESO ADICIONAL DE MATERIA--TÉRMINO DE MATERIA
Descriptor Variedad de papa
9 (RLIN) 50542
650 ## - PUNTO DE ACCESO ADICIONAL DE MATERIA--TÉRMINO DE MATERIA
Descriptor Araqa
9 (RLIN) 50543
650 ## - PUNTO DE ACCESO ADICIONAL DE MATERIA--TÉRMINO DE MATERIA
Descriptor Ciclo de vida de las Araqa papas
9 (RLIN) 50544
650 ## - PUNTO DE ACCESO ADICIONAL DE MATERIA--TÉRMINO DE MATERIA
Descriptor Siembra de papa
9 (RLIN) 50545
650 ## - PUNTO DE ACCESO ADICIONAL DE MATERIA--TÉRMINO DE MATERIA
Descriptor Cosecha de papa
9 (RLIN) 50546
700 ## - PUNTO DE ACCESO ADICIONAL--NOMBRE DE PERSONA
Nombre Personal Curis Mayhua, Lucho
9 (RLIN) 50675
700 ## - PUNTO DE ACCESO ADICIONAL--NOMBRE DE PERSONA
Nombre Personal Huamani Huamani, Martina
9 (RLIN) 50548
700 ## - PUNTO DE ACCESO ADICIONAL--NOMBRE DE PERSONA
Nombre Personal Mayhua Hanampa, Visitacion
9 (RLIN) 50676
700 ## - PUNTO DE ACCESO ADICIONAL--NOMBRE DE PERSONA
Nombre Personal Mataqque Quispe, Beatriz
9 (RLIN) 50677
700 ## - PUNTO DE ACCESO ADICIONAL--NOMBRE DE PERSONA
Nombre Personal Huamani Huamani, Candy
9 (RLIN) 50551
700 ## - PUNTO DE ACCESO ADICIONAL--NOMBRE DE PERSONA
Nombre Personal Chumbes Huamani, Celia
9 (RLIN) 50678
700 ## - PUNTO DE ACCESO ADICIONAL--NOMBRE DE PERSONA
Nombre Personal Gómez Salcedo, Celia
9 (RLIN) 50679
942 ## - ELEMENTOS DE PUNTO DE ACCESO ADICIONAL (KOHA)
Fuente de clasificación
Tipo de item Libros-BMC
945 ## - PROCESAMIENTO DE INFORMACIÓN LOCAL (OCLC)
Catalogador pbj
AAAA-MM-DD - Fecha de ingreso o modificacion 2024-09-20
Holdings
Estado de retiro (separado) Fuente de clasificación o esquema de estanterías Estado dañado Ubicación Sala donde se ubica Nombre de la colección Fecha de adquisición o compra Fuente de adquisición Costo, precio normal en soles Signatura topográfica Código de Barras Última vez visto (Koha) Tipo de ítem (Koha)
No     Sala Ciencias Sala Ciencias Book Cart 2024-09-20 Donación 15.00 635.21 / C97 SC0000002418 2024-09-20 Libros-BMC

Powered by Koha